000 00527nam a2200205Ia 4500
003 OSt
005 20220926041750.0
006 a|||||r|||| 00| 0
007 ta
008 220923b |||||||| |||| 00| 0 eng d
037 _cGeneral Book
040 _aRTL
_cRTL
_beng
041 _2eng
_aeng
082 _aX9.3.N2, F8
245 0 _aBRITAINS INDUSTRIAL future
_b Being the report of t
260 _c1928
650 _aIndustrial Economics
942 _hX9.3.N2, F8
_cGB
_2CC
999 _c667993
_d667993